Musical Acts by Letter - U - Statistics

General Stats
  • This quiz has been taken 644 times
  • The average score is 3 of 9
Answer Stats
Songs Band % Correct
With Or Without You / Beautiful Day U2
93%
Yeah! / Love in this Club Usher
66%
Red Red Wine / Homely Girl UB40
65%
Dancing With Tears in My Eyes / Vienna Ultravox
29%
Teenage Kicks / Perfect Summer Undertones
21%
Pretty Green Eyes / Feelin' Fine Ultrabeat
9%
Something Good / Power to the Beats Utah Saints
7%
Belladonna / Queen of the Deep UFO
6%
My Will Be Done / The Great Dividers Unearth
4%
No matching quizzes found
Score Distribution
Percent of People with Each Score
Percentile by Number Answered
Your Score History
You have not taken this quiz